[Event "Chinggis Invitational IV 2018"]
[Site "Ulaanbaatar"]
[Date "2018.08.15"]
[Round "8"]
[White "Lkhagvasuren, Tsedvee"]
[Black "Batchuluun, Tsegmed"]
[Result "1-0"]
[WhiteElo "2280"]
[BlackElo "2571"]
[Annotator "ChessBase"]
[PlyCount "107"]
[EventDate "2018.08.08"]
[EventType "tourn"]
[EventCountry "MGL"]
[SourceTitle "playchess.com"]
[Source "ChessBase"]
[SourceQuality "1"]
[TimeControl "40/5400+30:1800+30"]

1. d4 {[%emt 0:00:00]} d5 {[%emt 0:00:00]} 2. Bf4 {[%emt 0:00:00]} Nf6 {[%emt 0:00:42]} 3. e3 {[%emt 0:00:21]} c5 {[%emt 0:00:06]} 4. c3 {[%emt 0:01:31]} Nc6 {[%emt 0:00:06]} 5. Bd3 {[%emt 0:00:48]} Qb6 {[%emt 0:02:20]} 6. b3 {[%emt 0:08:14]} Bg4 {[%emt 0:02:21]} 7. Nf3 {[%emt 0:02:13]} e6 {[%emt 0:00:49]} 8. O-O {[%emt 0:03:57]} Be7 {[%emt 0:00:42]} 9. Qe2 {[%emt 0:08:31]} O-O {[%emt 0:02:10]} 10. h3 {[%emt 0:06:46]} Bh5 {[%emt 0:00:59]} 11. Nbd2 {[%emt 0:00:44]} cxd4 {[%emt 0:02:51]} 12. exd4 {[%emt 0:01:05]} Rac8 {[%emt 0:00:26]} 13. a4 {[%emt 0:01:54]} Qd8 {[%emt 0:16:16]} 14. Qe3 {[%emt 0:02:02]} Bg6 {[%emt 0:00:17]} 15. Bb5 {[%emt 0:07:30]} a6 {[%emt 0:02:31]} 16. Be2 {[%emt 0:12:17]} Bd6 {[%emt 0:15:49]} 17. Ne5 {[%emt 0:02:19]} Nxe5 {[%emt 0:00:43]} 18. dxe5 {[%emt 0:01:26]} Bc5 {[%emt 0:00:06]} 19. Qg3 {[%emt 0:00:13]} Nh5 {[%emt 0:04:40]} 20. Bxh5 {[%emt 0:00:44]} Bxh5 {[%emt 0:00:04]} 21. Be3 {[%emt 0:00:26]} Qb6 {[%emt 0:05:15]} 22. Bxc5 {[%emt 0:01:12]} Qxc5 {[%emt 0:01:23]} 23. Rac1 {[%emt 0:00:42]} a5 {[%emt 0:03:53]} 24. c4 {[%emt 0:01:59]} Qd4 {[%emt 0:08:48]} 25. Qc3 {[%emt 0:06:07]} Qxc3 {[%emt 0:00:04]} 26. Rxc3 {[%emt 0:00:04]} d4 {[%emt 0:01:24]} 27. Rcc1 {[%emt 0:00:40]} Be2 {[%emt 0:00:17]} 28. Rfe1 {[%emt 0:00:12]} d3 {[%emt 0:00:04]} 29. b4 {[%emt 0:01:57]} axb4 {[%emt 0:02:29]} 30. Rb1 {[%emt 0:00:13]} Rc5 {[%emt 0:13:55]} 31. Rxb4 {[%emt 0:00:14]} Rxe5 {[%emt 0:00:06]} 32. Rxb7 {[%emt 0:00:10]} Ra5 {[%emt 0:00:03]} 33. Ra1 {[%emt 0:00:13]} Rfa8 {[%emt 0:00:08]} 34. f3 {[%emt 0:00:29]} Kf8 {[%emt 0:01:30]} 35. Rb4 {[%emt 0:00:27]} Ke7 {[%emt 0:00:20]} 36. Kf2 {[%emt 0:00:33]} e5 {[%emt 0:05:01]} 37. Nb3 {[%emt 0:01:07]} R5a7 {[%emt 0:00:04]} 38. a5 {[%emt 0:01:19]} f5 {[%emt 0:02:41]} 39. Rb6 {[%emt 0:03:00]} e4 {[%emt 0:00:55]} 40. fxe4 {[%emt 0:00:00]} fxe4 {[%emt 0:00:00]} 41. a6 {[%emt 0:04:58]} Bh5 {[%emt 0:01:10]} 42. Ke3 {[%emt 0:00:43]} Kd7 {[%emt 0:05:09]} 43. Nc5+ {[%emt 0:14:42]} Kc7 {[%emt 0:00:53]} 44. Re6 {[%emt 0:01:12]} Bf7 {[%emt 0:21:36]} 45. Rxe4 {[%emt 0:01:28]} Kb6 {[%emt 0:00:41]} 46. Nxd3 {[%emt 0:00:54]} Bg8 {[%emt 0:05:11]} 47. c5+ {[%emt 0:01:08]} Kc6 {[%emt 0:00:36]} 48. Ra5 {[%emt 0:00:28]} Kd7 {[%emt 0:00:48]} 49. Nb4 {[%emt 0:00:31]} Bf7 {[%emt 0:00:27]} 50. Rb5 {[%emt 0:00:55]} Bg6 {[%emt 0:00:31]} 51. c6+ {[%emt 0:00:26]} Kd6 {[%emt 0:00:37]} 52. Rd4+ {[%emt 0:00:15]} Ke6 {[%emt 0:00:14]} 53. Rb7 {[%emt 0:00:28]} Be8 {[%emt 0:00:08]} 54. Re4+ {[%emt 0:00:18] Kd5 [%clk 0:00:00]} 1-0

[Event "Chinggis Invitational IV 2018"]
[Site "Ulaanbaatar"]
[Date "2018.08.16"]
[Round "9"]
[White "Robson, Ray"]
[Black "Ganguly, Surya Shekhar"]
[Result "1-0"]
[WhiteElo "2670"]
[BlackElo "2652"]
[Annotator "TA"]
[PlyCount "59"]
[EventDate "2018.08.08"]
[EventType "tourn"]
[EventCountry "MGL"]
[SourceTitle "playchess.com"]
[Source "ChessBase"]
[SourceQuality "1"]

{[%evp 27,59,12,25,0,4,0,0,0,35,30,47,39,11,25,27,0,0,0,7,25,64,-54,188,0,180,179,761,760,1433,541,650,639,2293,1985]} 1. e4 e5 2. Nf3 Nc6 3. Bb5 a6 4. Ba4 Nf6 5. O-O b5 6. Bb3 Bc5 7. a4 Rb8 8. c3 d6 9. d4 Bb6 10. a5 {C78: Ruy Lopez: Archangelsk and Möller Defences} Ba7 11. h3 O-O 12. Be3 Ra8 13. Re1 h6 14. Nbd2 Re8 {LiveBook: 24 Games} 15. Nf1 exd4 16. cxd4 {[#]} Nxe4 $146 ({Predecessor:} 16... Rxe4 17. Ng3 Re7 {½-½ (42) Karjakin,S (2786)-Caruana,F (2772) Loo 2013}) 17. Bd5 Bb7 18. Bxh6 gxh6 19. Rxe4 Rxe4 20. Bxe4 {Ne3 is the strong threat.} d5 21. Bc2 {Threatening Ne3.} Qf6 $1 {[%cal Rc6d4]} 22. Ra3 $1 Bxd4 23. Ng3 {Threatens to win with Nh5.} Bxb2 24. Rb3 (24. Nh5 $1 $14 Qd6 25. Rb3) 24... Nd4 $2 {[#]} (24... Rd8 $1 $15 {stays ahead.}) 25. Nh5 $2 (25. Nxd4 $1 $18 Qxd4 26. Qb1) 25... Nxf3+ $2 (25... Qh8 $11 {and Black stays safe.} 26. Re3 (26. Nxd4 Bxd4 27. Qg4+ Kf8 $17) 26... Nxc2 27. Qxc2 d4) 26. Rxf3 $18 Qd4 $2 (26... Qe5) 27. Qe2 {Qe7 would kill now.White is clearly winning.} Qc4 {[#]} 28. Qd2 (28. Bh7+ $142 $1 {[%mdl 512]} Kxh7 29. Rxf7+ Kh8 30. Qxb2+ d4 31. Rf6 Bxg2 32. Rxh6+ Kg8 33. Kxg2) 28... Qc6 {[#]} 29. Bh7+ $1 {[%mdl 512]} Kxh7 30. Qxb2 {Precision: White = 56%, Black = 27%.} 1-0

[Event "Chinggis Invitational IV 2018"]
[Site "Ulaanbaatar"]
[Date "2018.08.16"]
[Round "9"]
[White "Abasov, Nijat"]
[Black "Izoria, Zviad"]
[Result "1/2-1/2"]
[WhiteElo "2623"]
[BlackElo "2606"]
[Annotator "TA"]
[PlyCount "89"]
[EventDate "2018.08.08"]
[EventType "tourn"]
[EventCountry "MGL"]
[SourceTitle "playchess.com"]
[Source "ChessBase"]
[SourceQuality "1"]

{[%evp 27,89,4,12,12,12,17,14,12,12,5,21,22,19,17,17,17,17,17,17,19,21,23,21,14,13,13,27,12,45,47,42,35,41,18,17,11,14,8,8,3,8,8,8,8,8,0,0,0,0,0,0,0,0,0,0,0,0,0,0,0,0,0,0,0]} 1. e4 e5 2. Nf3 Nc6 3. Bb5 Nf6 4. O-O Nxe4 5. d4 Nd6 6. Bxc6 dxc6 7. dxe5 Nf5 8. Qxd8+ Kxd8 9. Nc3 Ke8 10. h3 h5 {C67: Spanische Partie (Berliner Verteidigung)} (10... b6 11. Bf4 Bb4 12. Ne4 Ba6 13. Rfc1 Be2 14. Nh2 Bc4 15. Rd1 Bd5 16. c3 Bxe4 17. cxb4 Rd8 18. e6 fxe6 19. Bxc7 Rxd1+ 20. Rxd1 {1-0 (51) Vachier Lagrave,M (2789)-Anand,V (2759) Leuven 2018}) 11. Bf4 Be7 12. Rad1 Be6 13. Ng5 Rh6 14. g3 Bxg5 {LiveBook: 38 Partien} 15. Bxg5 Rg6 16. h4 f6 17. exf6 gxf6 18. Bf4 Nxh4 {[#]} 19. f3 $146 Rd8 20. Kf2 Rxd1 21. Nxd1 Nf5 22. Rh1 Bxa2 23. Rxh5 Be6 24. Bxc7 Rh6 25. Rxh6 Nxh6 $11 {[%mdl 4096] Endspiel KLS-KLS} 26. g4 Nf7 27. Ke3 f5 28. Kf4 fxg4 29. fxg4 Nh8 30. Bb8 a5 {Die Stellung ist ausgeglichen.} 31. Ne3 Ng6+ 32. Kg5 Kf7 33. Bd6 a4 34. Nf5 Bxf5 35. Kxf5 Ne7+ 36. Bxe7 Kxe7 {K3B-K3B} 37. Ke5 {[#] Und Kd4 würde nun gewinnen.} b5 38. c3 $1 c5 39. Kd5 b4 $1 {[%cal Rb4c3]} 40. cxb4 $1 cxb4 {[#] ( -> ...a3)} 41. Kc4 a3 42. bxa3 bxa3 {Und weiter mit ...a2 wäre nett.} 43. Kb3 Kf6 44. g5+ Kxg5 45. Kxa3 {Precision: Weiß = 68%, Schwarz = 85%.} 1/2-1/2

[Event "Chinggis Invitational IV 2018"]
[Site "Ulaanbaatar"]
[Date "2018.08.16"]
[Round "9"]
[White "Bocharov, Dmitry"]
[Black "Lkhagvasuren, Tsedvee"]
[Result "1/2-1/2"]
[WhiteElo "2573"]
[BlackElo "2280"]
[Annotator "TA"]
[PlyCount "129"]
[EventDate "2018.08.08"]
[EventType "tourn"]
[EventCountry "MGL"]
[SourceTitle "playchess.com"]
[Source "ChessBase"]
[SourceQuality "1"]

{[%evp 22,129,33,4,39,13,8,15,27,25,42,48,43,46,45,37,52,41,37,29,22,0,45,32,65,47,121,62,102,56,79,45,73,0,0,0,0,-36,0,0,15,6,11,10,9,9,9,9,8,0,0,-4,0,-6,-13,-13,0,-47,0,0,0,0,0,0,0,0,0,0,0,0,0,0,0,0,0,0,0,0,0,0,0,0,0,0,0,0,0,0,0,-83,0,0,0,0,0,0,0,0,0,0,0,0,0,0,0,0,0,0,0,0]} 1. c4 e6 2. g3 Nf6 3. Bg2 d5 4. Nf3 Be7 5. O-O O-O 6. b3 b6 7. Bb2 Bb7 8. e3 dxc4 9. bxc4 c5 10. Qe2 Nbd7 11. d3 Qc7 12. Nc3 {LiveBook: 7 Games} Bc6 {A14: English Opening: 1...e6 with b3 by White} (12... Rac8 13. Rad1 Rfd8 14. Ne1 Bxg2 15. Nxg2 Qb7 16. f4 Nf8 17. g4 a6 18. a4 Ne8 19. f5 Bf6 20. Nf4 {½-½ (39) Gorovets,A (2481)-Odnorozhenko,E (2305) Kostroma 2013}) 13. Nd2 $146 ({Predecessor:} 13. Rab1 Rfd8 14. Ba1 Ng4 15. e4 Bb7 16. Ne1 Nge5 17. f4 Nc6 18. Nf3 Nf8 19. a3 Rd7 20. Bh3 {½-½ (36) Hornung,H-Ploetz,W Passau 1979}) 13... Bxg2 14. Kxg2 Qc6+ 15. Kg1 Rfd8 16. f4 Ne8 17. g4 {[%cal Bg3g4,Bg4g5][%mdl 32]} a6 18. a4 Bf6 19. g5 Bxc3 $1 20. Bxc3 b5 21. a5 Nd6 22. e4 bxc4 23. dxc4 Nf8 (23... e5 $14) 24. Rf3 (24. h4 $16) 24... Ne8 25. Raf1 Ra7 {[%cal Ba8a7,Ba7d7,Bd7d3][%mdl 32]} 26. f5 Rad7 27. f6 (27. Nb3 $16) 27... e5 $1 $11 28. Rf5 Rd3 29. fxg7 Nxg7 30. R5f3 Qd6 {next ...Rxc3! is good for Black.} 31. Rxd3 Qxd3 32. Qf3 Rd7 33. Qxd3 Rxd3 34. Rf3 Rd6 35. Rf6 Nge6 36. h4 Nd7 37. Rf2 Nf4 {[#] White must now prevent ...Nh3+.} 38. Kh2 h5 39. gxh6 Rxh6 (39... Nf6 $5 {[%cal Rf6g4]} 40. Rf1 Ng4+ 41. Kg3 Ne3 42. Bxe5 Nxf1+ 43. Nxf1 Ne2+ 44. Kf2 Re6 45. Kxe2 Rxe5 $17) 40. Bxe5 Rxh4+ 41. Kg3 Ng6 42. Bb2 (42. Bc7 {seems wilder.} Rh1 43. Rf5 Ra1 44. Rd5 Nf6 45. Rf5) 42... Rh1 43. Nf3 Rd1 44. Kg4 Rd3 45. e5 Re3 46. Rd2 Ndxe5+ 47. Nxe5 Nxe5+ {[%mdl 4096] Endgame KRB-KRN} 48. Kf5 Nd3 49. Ba1 Kf8 50. Rh2 Ke7 51. Bf6+ Kd6 52. Rh6 Kc7 53. Rh7 Rf3+ 54. Kg5 Kc6 55. Rh6 (55. Rxf7 $11 {keeps the balance.} Nb2 56. Ra7 (56. Kg4 Rf1 $17) 56... Nxc4 57. Be7) 55... Re3 (55... Nf4 $17 {Threatens to win with ...Ne6+.} 56. Kf5 Ne6+ 57. Ke4 Ra3) 56. Kf5 {The position is equal.} Kd7 57. Bc3 Re6 58. Rh7 Ke7 59. Rh8 Nf2 60. Ra8 Nd1 61. Ra7+ Ke8 62. Ra8+ Ke7 63. Ra7+ Ke8 64. Ra8+ Ke7 65. Ra7+ {Precision: White = 65%, Black = 50%.} 1/2-1/2

[Event "Chinggis Invitational IV 2018"]
[Site "Ulaanbaatar"]
[Date "2018.08.16"]
[Round "9"]
[White "Batchuluun, Tsegmed"]
[Black "Bilguun, Sumiya"]
[Result "1-0"]
[WhiteElo "2571"]
[BlackElo "2479"]
[Annotator "TA"]
[PlyCount "117"]
[EventDate "2018.08.08"]
[EventType "tourn"]
[EventCountry "MGL"]
[SourceTitle "playchess.com"]
[Source "ChessBase"]
[SourceQuality "1"]

{[%evp 29,117,7,13,5,17,20,44,12,9,0,42,29,36,37,79,66,67,67,96,92,112,104,110,99,111,116,108,100,100,100,203,212,208,119,323,98,166,160,158,168,163,166,201,129,129,129,129,129,459,459,459,459,457,457,457,449,611,584,596,596,615,618,682,681,672,637,938,895,1121,856,606,1014,870,762,1096,495,1345,1325,902,868,791,772,4137,3818,1663,1468,4137,840,29976,29977]} 1. d4 d5 2. c4 e6 3. Nc3 Nf6 4. cxd5 Nxd5 5. e4 Nxc3 6. bxc3 c5 7. Nf3 cxd4 8. cxd4 Bb4+ 9. Bd2 Bxd2+ 10. Qxd2 O-O 11. Rc1 b6 {D41: Queen's Gambit Declined: Semi-Tarrasch with 5 cxd5} 12. Bd3 Bb7 (12... Ba6 13. Bxa6 Nxa6 14. O-O Rc8 15. Rxc8 Qxc8 16. Rc1 Qb7 17. Qc2 Nb4 18. Qc4 a5 19. a3 {½-½ (45) Navara,D (2741)-Carlsen,M (2842) Biel 2018}) 13. O-O Nd7 14. Qe3 Nf6 15. Ne5 Qe7 {LiveBook: 6 Games} 16. f3 Rac8 17. Bb5 Qd6 18. Nc4 Qe7 {...a6 is the strong threat.} 19. Ne5 Qd6 20. a4 Rfd8 21. Rfd1 {[#]} a6 $146 {aiming for ...Rxc1.} ({Predecessor:} 21... h6 22. h3 Ne8 23. Qf4 Nf6 24. Qe3 Ne8 25. Qf4 Nf6 26. Qe3 {½-½ (24) Peralta,F (2556)-Bogner,S (2586) Lorca 2017}) 22. Be2 Rxc1 23. Rxc1 Rc8 {Strongly threatening ...Rxc1+.} 24. Rb1 Qd8 25. Qd2 a5 26. Qb2 Bc6 27. Ba6 Rc7 28. Qxb6 Bxa4 29. Qb8 Qxb8 (29... Rc1+ $16 {might work better.} 30. Kf2 Rc2+ 31. Kf1 Qf8) 30. Rxb8+ $18 Ne8 {[#]} 31. Nc4 (31. Nd3 $1 $18) 31... Kf8 $2 {[#]} (31... g5 $16) 32. Nxa5 $2 (32. Nb6 $1 $18 {is the precise move to win.}) 32... f5 (32... Rd7 $16) 33. Bc4 fxe4 34. fxe4 Ke7 35. e5 Ra7 36. Rb7+ Rxb7 37. Nxb7 $16 {[%mdl 4096] Endgame KBN-KBN} Nc7 38. Kf2 Nb5 $2 {[%mdl 8192]} (38... Bb5 $16) 39. Nc5 $1 $18 {[%csl LRa4,LRe6]} Nxd4 40. Nxa4 Nc6 41. Nc5 Nxe5 42. Ba2 g5 43. Nxe6 Kf6 44. Nc5 h6 45. Bb3 Ng4+ 46. Kg3 Ne3 47. Kf3 Nf5 48. g3 Ke5 49. Nd3+ Kf6 50. Bd5 h5 51. Nf2 Ke5 52. Bf7 (52. Be4 $142 g4+ 53. Ke2) 52... Ng7 (52... Nd4+ $142 53. Ke3 Nf5+ 54. Kd3 h4 55. Ng4+ Kd6 56. gxh4 Ke7) 53. Bg6 Kf6 54. Bd3 Ke5 55. Ke3 g4 56. Be4 Kf6 57. Nd3 Kg5 58. Nf4 h4 59. Kd4 {Precision: White = 75%, Black = 34%.} 1-0

[Event "Chinggis Invitational IV 2018"]
[Site "Ulaanbaatar"]
[Date "2018.08.16"]
[Round "9"]
[White "Shomoev, Anton"]
[Black "Durarbayli, Vasif"]
[Result "1-0"]
[WhiteElo "2552"]
[BlackElo "2633"]
[Annotator "TA"]
[PlyCount "115"]
[EventDate "2018.08.08"]
[EventType "tourn"]
[EventCountry "MGL"]
[SourceTitle "playchess.com"]
[Source "ChessBase"]
[SourceQuality "1"]

{[%evp 17,115,30,25,18,42,39,50,0,0,0,0,0,0,0,22,26,27,21,56,8,7,-6,0,0,-11,-20,-19,-18,-14,-8,0,-17,-19,-46,-31,-54,-11,-66,-78,-64,0,0,0,0,0,0,0,0,24,20,4,17,20,0,-12,-7,0,0,0,0,0,0,0,0,0,0,0,0,0,0,19,0,16,0,0,0,0,0,0,0,198,187,203,206,172,157,192,167,660,702,1304,1308,1543,1519,2958,2389,29975,29972,29980,29981]} 1. e4 e5 2. Nf3 Nc6 3. Bb5 a6 4. Ba4 Nf6 5. d3 d6 6. c3 g6 7. O-O Bg7 8. h3 O-O 9. Re1 h6 {LiveBook: 3 Partien. C77: Spanische Partie (Anderssen-Variante)} (9... Re8 10. Be3 d5 11. Nbd2 h6 12. exd5 Nxd5 13. Bxc6 bxc6 14. Qa4 Bf5 15. Ne4 Rb8 16. Rab1 Nb6 17. Qc2 {½-½ (40) Zhao,J (2599)-Wang,H (2713) Hanoi 2018}) 10. Be3 Rb8 $146 ({Vorgänger:} 10... Bd7 11. Nbd2 Kh7 12. Bc2 Ng8 13. Nh2 f5 14. exf5 Bxf5 15. Ne4 d5 {½-½ (33) Lelekova,O (2141)-Orlov,V (2430) St Petersburg 2005}) 11. Nbd2 Re8 {Weiß steht etwas besser.} 12. Bb3 d5 13. a4 Be6 14. a5 g5 {Weiss sollte ...d4 verhindern.} 15. Bc5 Qc8 16. Nf1 Rd8 {Und ...dxe4 würde nun gewinnen.} 17. Qc2 Nh5 18. Be3 Qd7 19. Kh2 d4 {Weiss muss nun ...Lxb3 beachten.} 20. Bxe6 fxe6 21. cxd4 exd4 22. Bd2 Rf8 23. Qd1 Nf4 24. Bxf4 Rxf4 25. N1d2 Rbf8 26. Rf1 Qf7 27. Qe2 (27. Kg1 $11) 27... g4 $15 28. hxg4 h5 (28... Rxg4 $15 29. g3 Be5) 29. g5 $11 h4 30. Rh1 $36 {[%mdl 2048] Weiss drückt.} h3 $1 31. Kg1 $1 hxg2 32. Rh3 Ne7 {[%cal Bc6e7,Be7g6,Bg6f4][%mdl 32]} 33. Kxg2 Ng6 {Droht ...Tf5!} 34. Kh1 Rg4 35. Rg1 Rxg1+ (35... Nf4 $5 36. Qf1 $8 Rxg1+ 37. Kxg1 Nxh3+ 38. Qxh3 b5 $11) 36. Kxg1 Nf4 37. Qf1 Nxh3+ 38. Qxh3 Be5 39. Qg4 {Und weiter mit g6 wäre nett.} Bf4 $1 {[%cal Rf4d2] Droht stark ...Lxd2.} 40. Nc4 Bd6 41. Kg2 Kg7 42. b3 Qf4 43. Qh3 Rf7 44. Qh6+ Kg8 45. Qg6+ Kf8 46. Qh5 Ke7 47. Ncd2 Bb4 48. Nf1 Qxf3+ $2 (48... Bxa5 $11 49. N1h2 Bb6) 49. Qxf3 $18 Rxf3 50. Kxf3 Bxa5 $11 {[%mdl 4096] Endspiel [#] KL-KS} 51. Kg4 $1 b5 52. Kh5 Bb4 $2 {[#]} (52... Kf7) 53. Kh6 $1 $18 {[%cal Rh6h7]} Bd6 54. g6 Be5 55. Kh7 Bf6 56. f4 {[%cal Bf2f4,Bf4f5][%mdl 32]} e5 57. f5 Kf8 58. b4 {Precision: Weiß = 71%, Schwarz = 50%.} 1-0